Biologia (Record no. 72815)

MARC details
000 -LÍDER
campo de controle de tamanho fixo 00366 a2200169 4500
001 - NÚMERO DE CONTROLE
campo de controle 72815
020 ## - ISBN - INTERNATIONAL STANDARD BOOK NUMBER
ISBN - International Standard Book Number 8502021044
040 ## - FONTE DA CATALOGAÇÃO
Instituição que transcreveu o registro Anchieta - Colégio São Paulo
100 ## - ENTRADA PRINCIPAL--NOME PESSOAL
Nome pessoal Lopes, Sônia
240 10 - TÍTULO UNIFORME
Título uniforme Biologia
Idioma da obra por
245 10 - TÍTULO
Título Biologia
300 ## - DESCRIÇÃO FÍSICA
Extensão 415[32p.]
362 0# - DATAS DE PUBLICAÇÃO E/OU DESIGNAÇÃO SEQUENCIAL
Datas de publicação e/ou designação sequencial 1997
440 #1 - DECLARAÇÃO DE SÉRIE/ENTRADA ADICIONADA--TÍTULO
Título Saraiva
650 #4 - ASSUNTO--TERMO TÓPICO
Cabeçalho tópico ou nome geográfico Ciência da vida - Biologia
942 ## - ELEMENTOS DE ENTRADA ADICIONADOS (KOHA)
Tipo de material Koha Livros
Holdings
Situação do descarte Situação das perdas Situação física Não pode ser emprestado Biblioteca de origem Biblioteca atual Data de aquisição Total de empréstimos Código de barras Data de último acesso Data do preço efetivo Tipo de material Koha Número de chamada completo
        Colégio São Paulo Colégio São Paulo 22/11/2023   2583/CSP 22/11/2023 22/11/2023 Livros  
        Colégio São Paulo Colégio São Paulo 22/11/2023   3508/CSP 22/11/2023 22/11/2023 Livros 570 L864b
        Colégio São Paulo Colégio São Paulo 22/11/2023   8111/CSP 22/11/2023 22/11/2023 Livros 570 L864b